000 00889cab a2200277 4500
001 WB3321-04
008 090401t1997 xxu||||| |||| 00| 0 eng d
035 _a(Sirsi) u78667
041 _aeng
245 _aProperty continues to perform well
260 _c1997
350 _a0
490 _aProperty Week
_v59(9) 30 May 1997, 10(1)
520 _aResearch by Baring, Houston & Saunders shows that direct property has been the fourth best performing asset class over the last ten years. Statistics.
650 _aBARING HOUSTON & SAUNDERS
650 _aBONDS
650 _aDIRECT PROPERTY
650 _aEQUITIES
650 _aINSTITUTIONAL INVESTMENT
650 _aINVESTMENT PROPERTY
650 _aPERFORMANCE
650 _aPROPERTY INVESTMENT
690 _aPROPERTY-COMMERCIAL PROPERTY-COMMERCIAL PROPERTY FINANCE AND INVESTMENT
942 _n0
948 _c30/05/1997
999 _c49470
_d49470